000 00629nam a2200217 a 4500
001 64227
003 BD-RjUL
005 20211209081302.0
008 170212s1968 ii b 001 0 eng d
035 _a(BD-RjUL)64357
040 _aBD-RjUL
_cBD-RjUL
_dBD-RjUL
_beng
041 _aeng
082 _223
_a954.5475
_bTIS 1968
100 1 _aTirmizi, S. A. I.,
_d1924-
_9190740
245 1 0 _aSome aspects of medieval Gujarat /
_cby S. A. I. Tirmizi.
260 _aDelhi :
_bMunshiram Manhorlal,
_c1968
300 _axvi, 150 p ;
_c23 cm.
500 _aIncludes index
651 0 _aGujarat (India)
_xHistory.
_9190741
942 _2ddc
_cBK
999 _c64227
_d64227